=LDR 00000nam 2200000 4500 =001 INLIS00000000000120 =005 20260702043538 =020 ##$$a 978-623-5436-02-9 =082 ##$$a 006.584 =100 1#$$a Anggita, Unda =245 1 $$a What'S The Matter With People Pleaser: Santai Saja Kamu Nggak Harus Menyenangkan Semua Orang /$c Unda Anggita =300 ##$$a xiv+104 hlm. ; 13,5x20 cm